000 00955nam0a22003131 4500
001 v19\rc\1892281
005 20251118180508.8
035 _a(NLR Aleph) 004989626
090 _a6271970
_c6271970
100 _a20080221d1911 u y0rusy50 ca
101 0 _arus
102 _aRU
105 _ay z |||||
200 1 _aПод маской
_e[Сборник]
_fА.Н. Богдан-Сокольский
210 _aКиев
_cтип. АО "Петр Барский в Киеве"
_d1911
215 _a284, [1] с.
_d28
700 1 _aБогдан-Сокольский
_bА.М.
790 1 _aСокольский
_bА.М.
790 1 _aБогдан-Сокольский
_bА.Н.
790 1 _aСокольский
_bА.Н.
801 0 _aRU
_bNLR
_gpsbo
801 0 _aRU
_bRuMoRGB
_2psbo
801 1 _aRU
_bProSoft-M
_2rusmarc
852 _aNLR
_j37.36.1.47
899 _aRuMoRGB
_jM 82/112
899 _aБАН
899 _aГПИБ
942 _cBOOK
980 _aNB